header

Corruption, capitalism and democracy (Record no. 68025)

MARC details
000 -LEADER
fixed length control field 01258nam a2200325Ia 4500
100 1# - MAIN ENTRY--AUTHOR NAME
Personal name Girling, John.
245 10 - TITLE STATEMENT
Title Corruption, capitalism and democracy
260 ## - PUBLICATION, DISTRIBUTION, ETC. (IMPRINT)
Place of publication London ;
-- New York :
Name of publisher Routledge,
Year of publication 1997.
300 ## - PHYSICAL DESCRIPTION
Number of Pages xiv, 181 p.
490 1# - SERIES STATEMENT
Series statement Routledge studies in social and political thought ;
650 #0 - SUBJECT ADDED ENTRY--TOPICAL TERM
Topical Term Political corruption
Topical Term Democracy.
Topical Term Capitalism.
856 40 - ELECTRONIC LOCATION AND ACCESS
Uniform Resource Identifier http://site.ebrary.com/lib/rucke/Doc?id=10058020

No items available.

© 2026 Rongo University
Contact us: librarian | system librarian | Rongo university